00287nam a2200121Ia 4500008004100000082001600041100001900057245003700076250000800113260002700121300000900148650000800157191201s2013 xx 000 0 und d a005.74bELF aELMASRI, Ramez 0aFundamentals of Database Systems aIMP aN.DelhibPearsonc2013 a1143 aMCA